Rozhodovací proces manažéra v podmienkach neistoty diplomová práca

Guardado en:
Detalles Bibliográficos
Autor principal: Haničáková, Ivanka
Autor Corporativo: Fakulta podnikového manažmentu EU. Katedra manažmentu
Otros Autores: Remeňová, Katarína, 1982-
Formato: Libro
Lenguaje:eslovaco
Publicado: Bratislava 2017
Etiquetas: Agregar Etiqueta
Sin Etiquetas, Sea el primero en etiquetar este registro!

MARC

LEADER 00000nbm a2200000 4500
001 0232408
005 20171219100552.7
041 0 |a slo 
044 |a SK 
245 1 0 |a Rozhodovací proces manažéra v podmienkach neistoty  |b diplomová práca  |c Ivanka Haničáková ; školiteľ: Katarína Remeňová 
264 1 |a Bratislava  |c 2017 
300 |a 80 s. 
100 1 |a Haničáková, Ivanka 
700 1 |a Remeňová, Katarína, 1982- 
710 2 |a Fakulta podnikového manažmentu EU. Katedra manažmentu